Black Beauty (Record no. 263616)
[ view plain ]
| 000 -LEADER | |
|---|---|
| fixed length control field | 00209nam a22000977a 4500 |
| 020 ## - INTERNATIONAL STANDARD BOOK NUMBER | |
| ISBN | 0766607151 |
| 100 ## - MAIN ENTRY--AUTHOR NAME | |
| Personal name | Anna Sewell |
| 245 ## - TITLE STATEMENT | |
| Title | Black Beauty |
| 260 ## - PUBLICATION, DISTRIBUTION, ETC. (IMPRINT) | |
| Place of publication | New York |
| Name of publisher | HarperTrophy |
| Year of publication | 2005 |
| 942 ## - ADDED ENTRY ELEMENTS (KOHA) | |
| Koha item type | Long Loan Books |
| Withdrawn status | Lost status | Collection code | Home library | Current library | Shelving location | Date acquired | Accession Number | Koha item type |
|---|---|---|---|---|---|---|---|---|
| Fiction | Rongo University Library | Rongo University Library | Children's Area | 13/05/2024 | CL2021537 | Long Loan Books |
